Housing in Britain : (Record no. 13140)
[ view plain ]
| 000 -LEADER | |
|---|---|
| fixed length control field | 00483nam a2200181 4500 |
| 020 ## - INTERNATIONAL STANDARD BOOK NUMBER | |
| ISBN | 0416742904 (pbk.) : |
| 020 ## - INTERNATIONAL STANDARD BOOK NUMBER | |
| ISBN | 0416742807 (hard) : |
| 040 ## - CATALOGING SOURCE | |
| Transcribing agency | DLC |
| 082 0# - DEWEY DECIMAL CLASSIFICATION NUMBER | |
| Classification number | 363 MET 1982 A013 Or. |
| 100 10 - MAIN ENTRY--AUTHOR NAME | |
| Personal name | Short, John R |
| 245 10 - TITLE STATEMENT | |
| Title | Housing in Britain : |
| Remainder of title | the post-war experience / |
| 260 0# - PUBLICATION, DISTRIBUTION, ETC. (IMPRINT) | |
| Place of publication | London ; |
| -- | New York : |
| Name of publisher | Methuen, |
| Year of publication | 1982 |
| 300 ## - PHYSICAL DESCRIPTION | |
| Number of Pages | xv, 255 p. : |
| Other physical details | ill. ; |
| Dimensions | 22 cm |
| 500 ## - GENERAL NOTE | |
| General note | Includes indexes |
| 650 #0 - SUBJECT ADDED ENTRY--TOPICAL TERM | |
| Topical Term | Housing |
| 650 #0 - SUBJECT ADDED ENTRY--TOPICAL TERM | |
| Topical Term | Housing policy |
| 942 ## - ADDED ENTRY ELEMENTS (KOHA) | |
| Koha item type | សៀវភៅភាសាអង់គ្លេស |
| 952 ## - LOCATION AND ITEM INFORMATION (KOHA) | |
| Withdrawn status [LOCAL, KOHA] | 0 |
| Permanent Location | Date acquired | Koha item type | Lost status | Shelving location | Barcode | Current Location | Full call number |
|---|---|---|---|---|---|---|---|
| Library Block A | 2017-08-20 | សៀវភៅភាសាអង់គ្លេស | A013 | A17616 | Library Block A | 363 MET 1982 A013 Or. |